000 00595nam a2200229Ia 4500
003 OSt
005 20220916111119.0
006 a|||||r|||| 00| 0
007 ta
008 220915b |||||||| |||| 00| 0 eng d
024 _a252352
037 _cTextbook
040 _beng
_aARTS
_cARTS
041 _aeng
082 _aO111,2:g, L3
100 _aWine M.L.
245 0 _aTragedy of master aeden of faversham
260 _aOxford
_bManchester University Press
650 _aENGLISH LITERATURE
942 _hO111,2:g, L3
_cTB
_2CC
999 _c105795
_d105795